LEADER 01151nam a2200265 4500 001 000000345391 003 CaOOAMICUS 005 20210415094359.0 008 210415s2019 it 000 u ita r 020 $a978-88-343-3299-3 040 $aSeMil$bita 100 1 $aDotti, Johnny.$0(OLS)http://semarc/name/110281 245 12$aL'Italia di tutti :$bper una nuova politica dei beni comuni /$cJohnny Dotti, Andrea Rapaccini. 264 1$aMilano :$bVita e Pensiero,$c2019. 300 $a158 p. ;$c21 cm 490 1 $aTransizioni ;$v65 650 4$aRisorse comuni - Gestione.$0(OLS)http://semarc/subject/50266 700 1 $aRapaccini, Andrea.$0(OLS)http://semarc/name/113538 830 0$aTransizioni ;$v65.$0(OLS)http://semarc/title/10226 850 $aSeMil 852 $aSeMil$W1$xVenegono$y1$m3N II 771$j225818$B236469$CSeMilBibl$Z2$F236469 $81 996 $6020$a978-88-343-3299-3$9(OLS)http://semarc/number/292907 996 $6245$aL'Italia di tutti :$bper una nuova politica dei beni comuni$9(OLS)http://semarc/title/434530 996 $6264$aMilano :$bVita e Pensiero$9(OLS)http://semarc/publisher/29642 LEADER 01492nam a2200289 i 4500 001 000000034723 003 CaOOAMICUS 005 20060901000000.0 008 060901s1972 it u000 u ita u 013 $a1537 040 $aSeMil$bita 240 00$aBibbia. N.T. Lettera ai Filippesi .$0(OLS)http://semarc/title/47113 240 14$aDer Philipperbrief.$0(OLS)http://semarc/title/47115 245 13$aLa Lettera ai Filippesi :$btesto greco e traduzione /$ccommento di Joachim Gnilka ; traduzione italiana di Germano Re ; edizione italiana a cura di Franco Ronchi. 260 $aBrescia :$bPaideia,$ccopyr. 1972. 300 $a370 p. ;$c23 cm. 490 0 $aCommentario teologico del Nuovo Testamento [Paideia]v10.3 650 4$aBibbia. Nuovo Testamento. Lettera ai Filippesi - Commentari, studi, critica, interpretazioni.$0(OLS)http://semarc/subject/6018 700 1 $aGnilka, Joachim,$d<1928-2018>.$0(OLS)http://semarc/name/89143 700 1 $aRonchi, Franco.$0(OLS)http://semarc/name/944 700 1 $aRe, Germano.$0(OLS)http://semarc/name/15980 830 0$aCommentario teologico del Nuovo Testamento ;$v10.3.$0(OLS)http://semarc/title/90 850 $aSeMil 852 $aSeMil$W1$xVenegono$y1$m2Z VII 78$j251755$B878$CSeMilBibl$Z2$F878 $81 961 $aAcquisto: Casa editrice 996 $6245$aLa Lettera ai Filippesi :$btesto greco e traduzione$9(OLS)http://semarc/title/47114 996 $6260$aBrescia :$bPaideia$9(OLS)http://semarc/publisher/29614